000 00313nam a22001097a 4500
003 OSt
008 250128b |||||||| |||| 00| 0 eng d
041 _aeng
245 _aNational Symposium on Water Resources Servation, Regulating and Reuse
260 _aNagpur:
_c1990.
_bIndian Water Works Association,
942 _cBK
999 _c19157
_d19157